00278nam a2200109Ia 4500008004100000082001500041100001300056245003600069260004700105300000800152650000800160191201s2012 xx 000 0 und d a338.5bMIM aMISRA,SK 0aMacroeconomic for B.com 2nd Sem aN. DelhibHimalaya Publication Housec2012 a288 aBBA